Rešenije zadač mašinovedenija na IBM
Guardado en:
| Formato: | Libro |
|---|---|
| Lenguaje: | ruso |
| Publicado: |
Moskva :
Nauka,
1975
|
| Materias: | |
| Etiquetas: |
Sin Etiquetas, Sea el primero en etiquetar este registro!
|
MARC
| LEADER | 00000nam a22000003a 4500 | ||
|---|---|---|---|
| 001 | stu41329 | ||
| 005 | 20141122042408.1 | ||
| 008 | 931119s1975----xxr-----------------rus-d | ||
| 040 | |a STU |b slo | ||
| 041 | 0 | |a rus | |
| 044 | |a xxr | ||
| 080 | |a 681.3 | ||
| 080 | |a 621 | ||
| 245 | |a Rešenije zadač mašinovedenija na IBM | ||
| 260 | |a Moskva : |b Nauka, |c 1975 | ||
| 300 | |a 166 s | ||
| 650 | 7 | |a Počítače IBM |2 stusub | |
| 650 | 7 | |a strojárstvo |2 stusub | |
| 996 | |b 284M003382 |c M*4352-1 |l MMKN |s A |a 24 |w stu41329_0001 | ||